Statystyki dla najczęstsze picki w sezonie 10

Kliknij tutaj aby rozwiązać quiz!

Ogólne statystyki

  • Ten quiz został rozwiązany 45 razy
  • Średni wynik to 6 z 20

Statystyki odpowiedzi

HintOdpowiedź% Poprawnych
19yasuo
71%
1lee sin
57%
12senna
45%
5lucian
36%
3caitlyn
33%
8leona
33%
14blitzcrank
31%
4kai sa
31%
2thresh
31%
18vayne
31%
6miss fortune
29%
15morgana
29%
20soraka
29%
9ekko
24%
7nautilus
24%
13elise
21%
11jhin
21%
16pyke
21%
17ezreal
19%
10nami
12%

Rozkład punktacji

Percentyl według liczby udzielonych odpowiedzi

Procent ludzi z każdym wynikiem

Twoja historia wyników

Nie rozwiązałeś tego quizu